000 01068nam a22002777a 4500
008 081001t xxu||||| |||| 00| 0 eng d
010 _aENG-91086
020 _a9788184840032
_c980.00
035 _aEN-74619
037 _bDBAD / PUB
040 _adpl
_bEnglish
082 _a327.540547
100 _aRajkumar Singh
245 _aIndia and Pakistan:
_cby Rajkumar Singh
_bsocial, political and military perspectives /
260 _aNew Delhi
_bRegal Publications
_c2009
270 _aF-159, Rajouri Garden,
_bNew Delhi
_e110027
300 _axxi, 297p.
_c24cm (Hb)
500 _aIncludes notes and references
651 _aIndia
_xRelations
_zPakistan
651 _aPakistan
_xRelations
_zIndia
651 _aIndia
_xPolitics and Government
651 _aPakistan
_xPolitics and Government
700 _aArun Kumar
942 _2ddc
_cEN
_mRAJ
_h327.540547
999 _c16104
_d16104